000 00884nam a2200265 i 4500
001 bg
100 1 _aKISILEWICZ, Bernadetta
245 1 0 _aIzolacje wodochronne w budownictwie :
_bpomoc dydaktyczna /
_cBernadetta Kisilewicz, Edward Królak, Zbigniew Pieniążek ; Politechnika Krakowska im. Tadeusza Kościuszki.
260 _aKraków :
_bPK,
_c1999.
300 _a51 s. :
_bil. ;
_c24 cm.
504 _aBibliogr.
650 9 _aIzolacje przeciwwilgociowe
650 9 _aWilgotność
_xbudownictwo
_xzapobieganie
655 _aPodręczniki akademickie
700 1 _aKRÓLAK, Edward
700 1 _aPIENIĄŻEK, Zbigniew
_d(1917-1999)
710 0 _aPolitechnika Krakowska im. Tadeusza Kościuszki
020 _a8372420602
040 _cBPK
041 0 _apol
080 _a699.8(075.8)
920 _a83-7242-060-2
942 _cKS
008 s pl f |000 0 pol
999 _c37682
_d37682
856 _uhttp://koha.tu.koszalin.pl/cgi-bin/koha/opac-detail.pl?biblionumber=37682
_yKatalog online BPK